01256nab a22002297a 4500999001500000003000400015005001700019008004100036040000700077100003700084245014700121260007300268300001300341500003700354505031400391505008200705650002300787650002200810650002400832773015700856942001301013 c5665d5665OSt20251226123909.0190429b xxu||||| |||| 00| 0 spa d cPJ 96519aBorzi Cirilli, Federico A.13aLa ley del arrepentido y el derecho a controlar la prueba de cargo. Con especial referencia al caso "Cuadernos" / cFederico A. Borzi Cirilli. cCiudad Autónoma de Buenos Aires :aThomson Reuters La Ley, b2025. ap. 73-78 aCita: TR LALEY AR/DOC/2191/2025. aSumario: I. Introducción.— II. El objeto de la ley y su ámbito de aplicación.— III. Su aplicación en la causa "cuadernos".— IV. Sobre la incorporación de los acuerdos de colaboración al juicio oral y el derecho a controlar toda prueba de cargo. El precedente "Benítez".— V. Conclusiones. tSi te interesa el texto completo, solicitalo a koha@justierradelfuego.gov.ar  09343aDERECHO PENAL 092967aARREPENTIDO 09180aDEBIDO PROCESO0 0265893164tRevista de derecho penal y criminología. Nº 8 - Octubre 2025dCiudad Autónoma de Buenos Aires : Thomson Reuters La Ley, 2017-x00347914 2udccANA